|
|
|
|
| LEADER |
00886cam a2200253 7i4500 |
| 001 |
0000065375 |
| 005 |
20220106090000.0 |
| 020 |
|
|
|a 9780429341267 (electronic book)
|
| 090 |
0 |
0 |
|a R605
|b .E222 2020
|
| 245 |
0 |
0 |
|a Evidence-based Ayurveda :
|b defining a new scientific path
|c edited by C. P. Khare.
|
| 264 |
|
|
|a Abingdon, Oxon:
|b Routledge,
|c 2020.
|
| 300 |
|
|
|a 1 online resource (viii, 316 pages):
|b text file, PDF.
|
| 336 |
|
|
|a text
|2 rdacontent
|
| 337 |
|
|
|a computer
|2 rdamedia
|
| 338 |
|
|
|a online resource
|2 rdacarrier
|
| 650 |
|
0 |
|a Medicine, Ayurvedic
|
| 650 |
|
0 |
|a Evidence-based medicine
|
| 650 |
|
0 |
|a Holistic medicine
|
| 655 |
|
0 |
|a Electronic books
|
| 700 |
1 |
|
|a Khare, C. P.
|
| 856 |
4 |
2 |
|u http://library.unisel.edu.my/web/guest/mylibrary
|
| 997 |
|
|
|a Health Sciences, Faculty
|
| 998 |
|
|
|a Biomedical Science, Degree
|
| 999 |
|
|
|a EBO0009942
|b EBOOK
|c EBOOK
|e Electronic resources
|